000 00680nam a2200301Ia 4500
005 20260401122244.0
008 008 250103s9999 xx 000 0 eng d
020 _a8125029419
037 _aTB
040 _aEDL
040 _beng
040 _cEDL
041 _2eng
041 _aeng
084 _a407 KUM
084 _qEDL
100 _aKumaravadivelu, B
_91233044
245 0 _aBeyond Methods: Macrostrategies for Language Teaching
245 0 _cKumaravadivelu, B
260 _aNew Delhi
260 _bOrient Longman
260 _c2006
300 _a339p
942 _cTB
942 _h407 KUM
999 _c1845994
_d1845994